logo

Bir Sreshtho Munshi Abdur Rouf Library
Jhenaidah Cadet College

সুর-সাকী / (Record no. 3578)

MARC details
000 -LEADER
fixed length control field 00676nam a2200229 a 4500
001 - CONTROL NUMBER
JCCL Control Number 3578
003 - CONTROL NUMBER IDENTIFIER
JCCL marc code BD-JhCC
005 - DATE AND TIME OF LATEST TRANSACTION
control field 20171115183626.0
008 - FIXED-LENGTH DATA ELEMENTS--GENERAL INFORMATION
fixed length control field 171111s1371 bg |||| |||| 000 0 ben d
035 ## - SYSTEM CONTROL NUMBER
system control number (BD-JhCC)3578
040 ## - CATALOGING SOURCE
Original cataloging agency BD-JhCC
Modifying agency BD-JhCC
041 ## - LANGUAGE CODE
Language code of Book ben
082 ## - DEWEY DECIMAL CLASSIFICATION NUMBER
Classification number 891.4415
Author mark and Year ISL 1371
100 ## - MAIN ENTRY--PERSONAL NAME
Personal name ইসলাম, নজরুল
245 ## - TITLE STATEMENT
Title সুর-সাকী /
Statement of responsibility, etc নজরুল ইসলাম
250 ## - EDITION STATEMENT
Edition statement 2য় সংস্করণ
260 ## - PUBLICATION, DISTRIBUTION, ETC. (IMPRINT)
Place of publication, distribution, etc কলিকাতা :
Name of publisher, distributor, etc কর্ণওয়ালিশ ষ্ট্রীট,
Date of publication, distribution, etc 1371.
300 ## - PHYSICAL DESCRIPTION
Pagination 103 p. :
Dimensions 19 cm.
650 ## - SUBJECT ADDED ENTRY--TOPICAL TERM
Topical term or geographic name as entry element Bengali Poetry
942 ## - ADDED ENTRY ELEMENTS (KOHA)
Source of classification or shelving scheme Dewey Decimal Classification
Koha item type Books
Holdings
Source of classification or shelving scheme Damaged status Not for loan Home library Current library Shelving location Date of accession Cost, normal purchase price Total Checkouts Full call number Barcode Date last seen Copy number Koha item type
Dewey Decimal Classification     JCC Rouf Library JCC Rouf Library General Stacks 11/15/2017 2.50   891.4415 ISL 1371 5269 11/15/2017 C-1 Books

JCC Library | Contacts | JCC Home

Last Update on 23 September 2017
Copyright @ 2017-2020 JCC Rouf Library
Rouf Library, Jhenidah Cadet College (JCC), Bangladesh